[Event "GER-ch U25-C"]
[Site "Willingen"]
[Date "2023.05.28"]
[Round "2"]
[White "Schilay, Vinzenz"]
[Black "Haas, Valentina"]
[Result "1-0"]
[WhiteElo "1052"]
[BlackElo "797"]
[PlyCount "85"]
[EventDate "2023.05.27"]
[EventType "swiss"]
[EventRounds "9"]
[EventCountry "GER"]
[SourceTitle "CBM 214 Extra"]
[Source "ChessBase"]
[SourceDate "2023.07.31"]
[SourceVersion "1"]
[SourceVersionDate "2023.07.31"]
[SourceQuality "1"]

1. e4 e5 2. Nf3 Nf6 3. Nc3 Nc6 4. Be2 Be7 5. d3 Bb4 6. Bg5 Be7 7. Qd2 h6 8. Bh4 Bb4 9. a3 Ba5 10. b4 Bb6 11. Nd5 Nxd5 12. Bxd8 Nxd8 13. exd5 a5 14. Nxe5 d6 15. Nc4 axb4 16. Qxb4 c5 17. dxc6 Bc5 18. Nxd6+ Bxd6 19. Qxd6 bxc6 20. Qe5+ Be6 21. Qxg7 Rf8 22. Qxh6 f5 23. Bh5+ Bf7 24. Qe3+ Ne6 25. Bxf7+ Kxf7 26. 0-0 c5 27. Qf3 Nd4 28. Qd5+ Ke8 29. Rfe1+ Ne6 30. Qxa8+ Kf7 31. Qd5 Re8 32. Qd7+ Re7 33. Qd5 Kf6 34. Qe5+ Kf7 35. Qxf5+ Ke8 36. Rxe6 Rxe6 37. Qxe6+ Kd8 38. Rb1 Kc7 39. Qh6 c4 40. d4 Kd7 41. Rb7+ Kc8 42. Qh7 Kd8 43. Rb8# 1-0

[Event "GER-ch U25-C"]
[Site "Willingen"]
[Date "2019.06.10"]
[Round "3"]
[White "Reyher, Bastian"]
[Black "Schilay, Vinzenz"]
[Result "1-0"]
[WhiteElo "1137"]
[BlackElo "1111"]
[PlyCount "135"]
[EventDate "2019.06.08"]
[EventType "swiss"]
[EventRounds "9"]
[EventCountry "GER"]
[SourceTitle "CBM 191 Extra"]
[Source "ChessBase"]
[SourceDate "2019.09.30"]
[SourceVersion "1"]
[SourceVersionDate "2019.09.30"]
[SourceQuality "1"]

1. e4 e5 2. Bc4 Nf6 3. d3 Nc6 4. Nc3 Be7 5. Nge2 d6 6. Be3 Be6 7. Bb3 Bxb3 8. axb3 0-0 9. 0-0 h6 10. f4 exf4 11. Bxf4 Qd7 12. Ng3 a6 13. h3 Nh7 14. Nf5 Rae8 15. Qg4 Bg5 16. Nxh6+ gxh6 17. Qxd7 Re7 18. Qg4 Nf6 19. Qg3 Nh5 20. Qg4 Nxf4 21. Rxf4 Ne5 22. Qg3 Kh7 23. Rf5 Rg8 24. Nd5 Rd7 25. Rxg5 Rxg5 26. Qxg5 hxg5 27. Nf6+ Kg6 28. Nxd7 Nxd7 29. d4 f6 30. g4 Nb6 31. Rd1 Nd7 32. Rd3 c6 33. c4 b6 34. b4 Kf7 35. Kf2 Ke7 36. Kg3 Kf7 37. h4 Kg6 38. hxg5 fxg5 39. Rf3 c5 40. bxc5 bxc5 41. d5 Nb6 42. b3 Nd7 43. Rf5 a5 44. Kf3 Ne5+ 45. Rxe5 dxe5 46. Ke3 Kf7 47. Kd3 Ke7 48. Kc3 Kd6 49. Kb2 Kc7 50. Ka3 Kb6 51. Ka4 Kc7 52. Kxa5 Kd7 53. b4 cxb4 54. Kxb4 Kd6 55. Kb5 Kd7 56. Kb6 Kd6 57. c5+ Ke7 58. Kb7 Kd7 59. c6+ Ke7 60. c7 Kf6 61. c8Q Ke7 62. Kc6 Kf7 63. Qe6+ Kf8 64. Qd7 Kg8 65. Kd6 Kh8 66. Ke6 Kg8 67. Kf6 Kh8 68. Qg7# 1-0

[Event "GER-chT U10"]
[Site "Magdeburg"]
[Date "2016.12.29"]
[Round "7.1"]
[White "Mras, Anton"]
[Black "Schilay, Vinzenz"]
[Result "1-0"]
[WhiteElo "921"]
[BlackElo "918"]
[PlyCount "76"]
[EventDate "2016.12.27"]
[EventType "team-swiss"]
[EventRounds "7"]
[EventCountry "GER"]
[SourceTitle "EXT 2018"]
[Source "ChessBase"]
[SourceDate "2017.10.13"]
[SourceVersion "1"]
[SourceVersionDate "2017.10.13"]
[SourceQuality "1"]
[WhiteTeam "Stade II"]
[BlackTeam "Neumarkt"]
[WhiteTeamCountry "GER"]
[BlackTeamCountry "GER"]

1. d4 d5 2. c4 e6 3. Nc3 Nf6 4. e3 Nbd7 5. Bd3 Bb4 6. Bd2 b6 7. Qa4 a5 8. a3 Bd6 9. Nge2 Ba6 10. 0-0 0-0 11. Nb5 Be7 12. Rac1 c6 13. Nbc3 Qc7 14. cxd5 Ng4 15. g3 Bxd3 16. dxc6 Bxe2 17. Nxe2 Bh4 18. cxd7 Qb8 19. f3 Nxh2 20. Kxh2 b5 21. Qc2 a4 22. Qc7 h6 23. Qxb8 Raxb8 24. gxh4 f5 25. Rc2 Kh7 26. Rfc1 Rf7 27. Rc8 Rxd7 28. Rxb8 e5 29. Rxb5 exd4 30. exd4 Kg6 31. Rcc5 Re7 32. Nf4+ Kh7 33. Rxf5 g6 34. Rfe5 Rd7 35. Rb4 Rg7 36. Rxa4 Rf7 37. Bc3 Rg7 38. d5 h5 1-0

[Event "GER-chT U10"]
[Site "Magdeburg"]
[Date "2016.12.28"]
[Round "3.1"]
[White "Schilay, Vinzenz"]
[Black "Behr, Julian"]
[Result "0-1"]
[WhiteElo "918"]
[BlackElo "1023"]
[PlyCount "69"]
[EventDate "2016.12.27"]
[EventType "team-swiss"]
[EventRounds "7"]
[EventCountry "GER"]
[SourceTitle "EXT 2018"]
[Source "ChessBase"]
[SourceDate "2017.10.13"]
[SourceVersion "1"]
[SourceVersionDate "2017.10.13"]
[SourceQuality "1"]
[WhiteTeam "Neumarkt"]
[BlackTeam "Landskrone"]
[WhiteTeamCountry "GER"]
[BlackTeamCountry "GER"]

1. e4 e5 2. Nf3 Nc6 3. Nc3 Bb4 4. a3 Ba5 5. b4 Bb6 6. Be2 Nf6 7. d3 d6 8. b5 Nd4 9. Nxd4 Bxd4 10. Bd2 Be6 11. 0-0 0-0 12. Kh1 h6 13. f4 d5 14. f5 Bc8 15. Rc1 Bxc3 16. Bxc3 Re8 17. h3 b6 18. Qd2 Bb7 19. Rf2 dxe4 20. dxe4 Nxe4 21. Qxd8 Nxf2+ 22. Kg1 Nxh3+ 23. gxh3 Raxd8 24. a4 f6 25. Bh5 Re7 26. Bb4 Red7 27. Ba3 Rd4 28. Rb1 Rxa4 29. Be7 Rd2 30. Bb4 Rd4 31. c3 Rd3 32. Bg4 Bf3 33. Bxf3 Rxf3 34. Kg2 Rxf5 35. Rd1 0-1

[Event "EU Union-ch U08 14th"]
[Site "Mureck"]
[Date "2016.08.11"]
[Round "9"]
[White "Englisch, Tobias"]
[Black "Schilay, Vinzenz"]
[Result "0-1"]
[WhiteElo "938"]
[BlackElo "897"]
[PlyCount "50"]
[EventDate "2016.08.03"]
[EventType "swiss"]
[EventRounds "9"]
[EventCountry "AUT"]
[SourceTitle "CBM 174 Extra"]
[Source "ChessBase"]
[SourceDate "2016.10.10"]
[SourceVersion "1"]
[SourceVersionDate "2016.10.10"]
[SourceQuality "1"]

1. e4 e5 2. Nf3 Nc6 3. Bc4 d6 4. Nc3 Be7 5. d3 Bg4 6. h3 Bh5 7. g4 Bg6 8. Be3 Qd7 9. d4 0-0-0 10. Bb5 a6 11. Ba4 exd4 12. Bxd4 Nf6 13. Qe2 Kb8 14. Nd2 Nxd4 15. Qe3 Nc6 16. f4 h6 17. Nd5 Rhe8 18. 0-0-0 Bf8 19. Qb3 Nxe4 20. Nc4 Nf2 21. Bxc6 Qxc6 22. Na5 Qxc2+ 23. Qxc2 Bxc2 24. Kxc2 Nxd1 25. Rxd1 c6 0-1

[Event "EU Union-ch U08 14th"]
[Site "Mureck"]
[Date "2016.08.09"]
[Round "7"]
[White "Schilay, Vinzenz"]
[Black "Jetzl, Julian"]
[Result "0-1"]
[WhiteElo "897"]
[BlackElo "1201"]
[PlyCount "23"]
[EventDate "2016.08.03"]
[EventType "swiss"]
[EventRounds "9"]
[EventCountry "AUT"]
[SourceTitle "CBM 174 Extra"]
[Source "ChessBase"]
[SourceDate "2016.10.10"]
[SourceVersion "1"]
[SourceVersionDate "2016.10.10"]
[SourceQuality "1"]

1. e4 c5 2. Nc3 Nc6 3. g3 e5 4. Bg2 g6 5. d3 Bg7 6. Be3 d6 7. Qd2 Nge7 8. Bh6 0-0 9. Bxg7 Kxg7 10. 0-0-0 Qb6 11. h4 a5 12. h5 0-1

[Event "EU Union-ch U08 14th"]
[Site "Mureck"]
[Date "2016.08.05"]
[Round "3"]
[White "Schilay, Vinzenz"]
[Black "Taus, Zdenek"]
[Result "0-1"]
[WhiteElo "897"]
[BlackElo "1310"]
[PlyCount "54"]
[EventDate "2016.08.03"]
[EventType "swiss"]
[EventRounds "9"]
[EventCountry "AUT"]
[SourceTitle "CBM 174 Extra"]
[Source "ChessBase"]
[SourceDate "2016.10.10"]
[SourceVersion "1"]
[SourceVersionDate "2016.10.10"]
[SourceQuality "1"]

1. e4 c6 2. d4 d5 3. exd5 cxd5 4. Nf3 Nc6 5. Nc3 Nf6 6. Be3 Bf5 7. Bd3 Bxd3 8. Qxd3 e6 9. 0-0 Bd6 10. Rae1 0-0 11. Bg5 Bc7 12. Ne5 Qd6 13. Re3 Nb4 14. Qd2 Nc6 15. Rg3 a6 16. Bxf6 Bd8 17. Rxg7+ Kh8 18. Rxf7+ Bxf6 19. Rxf8+ Rxf8 20. Qh6 Nxe5 21. dxe5 Bxe5 22. f4 Bd4+ 23. Kh1 Qe7 24. Rf3 e5 25. Rg3 exf4 26. Rg7 Bxg7 27. Qh3 Qe1# 0-1